00601nam a2200193Ia 4500003000400000008004100004020001500045040001600060082001500076100001900091245008600110260007400196300002600270650001100296650001000307650000800317650004400325650003800369GCL140319s9999 xx 000 0 eng d a1878379291 aGCL / cGCL04a327.6bS M1 aSMOCK, DAVID R10aMAKING WAR AND WAGING PEACE : bFOREIGN INTERVENTION IN AFRICA / cSMOCK, DAVID R aنيويورك : bUNITED STATES RESEARCH INSTITUTE FOR SOC ، c1993 a231 CM ؛ cVI, 291 P04aAFRICA04aPEACE04aWAR04aAFRICA - POLITICS AND GOVERNMENT - 196004aAFRICA - FOREIGN RELATIONS - 1960